书目信息 |
| 题名: |
教育改革与学术争鸣
|
|
| 作者: | 萧宗六 著 | |
| 分册: | ||
| 出版信息: | 北京 人民教育出版社 2003 |
|
| 页数: | 519页 | |
| 开本: | 21cm | |
| 丛书名: | 中国当代教育论丛 | |
| 单 册: | ||
| 中图分类: | G521-53 , G521 | |
| 科图分类: | ||
| 主题词: | 教育改革--中国--文集 | |
| 电子资源: | ||
| ISBN: | 7-107-16997-1 | |
| 000 | 00831oam2 2200265 450 | |
| 001 | 1543547666 | |
| 005 | 20150201101629.28 | |
| 010 | @a7-107-16997-1@dCNY31.40 | |
| 100 | @a20031106d2003 emky0chiy50 ea | |
| 101 | 0 | @achi |
| 102 | @aCN@b110000 | |
| 105 | @aa z 000yy | |
| 200 | 1 | @a教育改革与学术争鸣@9jiao yu gai ge yu xue shu zheng ming@f萧宗六著 |
| 210 | @a北京@c人民教育出版社@d2003 | |
| 215 | @a519页@c照片@d21cm | |
| 225 | 2 | @a中国当代教育论丛 |
| 300 | @a国家“十五”规划重点图书 | |
| 330 | @a全书分为“教育科研与争鸣”、“学校教育与改革”以及“我的治学之道”三大部分内容。 | |
| 461 | 0 | @12001 @a中国当代教育论丛 |
| 606 | 0 | @a教育改革@y中国@j文集 |
| 690 | @aG521-53@v5 | |
| 690 | @aG521@v4 | |
| 701 | 0 | @a萧宗六@9xiao zong liu@f(1925.10~)@4著 |
| 801 | 0 | @aCN@bTSSF@c20150201 |
| 905 | @aZUCC@dG521@eJY247 | |
| 教育改革与学术争鸣/萧宗六著.-北京:人民教育出版社,2003 |
| 519页:照片;21cm.-(中国当代教育论丛) |
| 国家“十五”规划重点图书 |
| ISBN 7-107-16997-1:CNY31.40 |
| 全书分为“教育科研与争鸣”、“学校教育与改革”以及“我的治学之道”三大部分内容。 |
| ● |
| 相关链接 |
|
|
|
|
正题名:教育改革与学术争鸣
索取号:G521/JY247
 
预约/预借
| 序号 | 登录号 | 条形码 | 馆藏地/架位号 | 状态 | 备注 |
| 1 | 7846807 | 278468070 | 学院路分馆/ [索取号:G521/JY247] | 在馆 | |
| 2 | 7860783 | 278607839 | 学院路分馆/ [索取号:G521/JY247] | 在馆 | |
| 3 | 7860784 | 278607848 | 学院路分馆/ [索取号:G521/JY247] | 在馆 | |
| 4 | 7860785 | 278607857 | 学院路分馆/ [索取号:G521/JY247] | 在馆 | |
| 5 | 7860821 | 278608213 | 学院路分馆/ [索取号:G521/JY247] | 在馆 |